Normal view
MARC view
- DEEPA C.N
Entry Personal Name
001 - CONTROL NUMBER
- control field: 3632
003 - CONTROL NUMBER IDENTIFIER
- control field: OSt
005 - DATE AND TIME OF LATEST TRANSACTION
- control field: 20181010112251.0
008 - FIXED-LENGTH DATA ELEMENTS
- fixed length control field: 181010|| aca||aabn | a|a d
040 ## - CATALOGING SOURCE
- Original cataloging agency: OSt
- Transcribing agency: OSt
100 ## - HEADING--PERSONAL NAME
- Personal name: DEEPA C.N
670 ## - SOURCE DATA FOUND
- Source citation: Work cat.: (OSt)14992: DEEPA C.N JOSENA JOSE SREEMOL S, Standardization of irrigation requirement of salad cucumber in polyhouse
